Search the Library Catalogue
| 000 -LEADER | |
|---|---|
| fixed length control field | 00696nam a2200217Ia 4500 |
| 008 - FIXED-LENGTH DATA ELEMENTS--GENERAL INFORMATION | |
| fixed length control field | 191130s2000##################000#0#eng## |
| 020 ## - INTERNATIONAL STANDARD BOOK NUMBER | |
| ISBN | 9780761964025 |
| 082 ## - DEWEY DECIMAL CLASSIFICATION NUMBER | |
| Classification number | 302.35 STR |
| 100 ## - MAIN ENTRY--AUTHOR NAME | |
| Personal name | Strati, Antonio |
| 245 ## - TITLE STATEMENT | |
| Title | Theory and method in organization studies : paradigms and choices |
| Statement of responsibility, etc | Antonio Strati |
| 250 ## - EDITION STATEMENT | |
| Edition statement | 1st UK ed |
| 260 ## - PUBLICATION, DISTRIBUTION, ETC. (IMPRINT) | |
| Place of publication | Thousand Oaks, CA |
| Name of publisher | Sage |
| Year of publication | 2000 |
| 300 ## - PHYSICAL DESCRIPTION | |
| Number of Pages | xiv, 233 p. ; 24 cm. |
| 500 ## - GENERAL NOTE | |
| General note | Includes bibliographical references (p. [204]-227) and index. Translated from the Italian |
| 650 ## - SUBJECT ADDED ENTRY--TOPICAL TERM | |
| Topical Term | Organizational sociology |
| 991 ## - | |
| -- | 134052 |
| Withdrawn status | Lost status | Damaged status | Not for loan | Home library | Current library | Shelving location | Date acquired | Full call number | Accession Number | Price effective from | Koha item type |
|---|---|---|---|---|---|---|---|---|---|---|---|
| Anna Centenary Library | Anna Centenary Library | 3RD FLOOR, B WING | 15.10.2020 | 302.35 STR | 163978 | 15.10.2020 | English Books |